Statistics for Countries By Former Yugoslavian Ancestry

Click here to take the quiz!

General Stats

  • This quiz has been taken 43 times
  • The average score is 17 of 20

Answer Stats

Total%Answer% Correct
165,0000.2%United Kingdom
100%
2,280,0000.7%United States
100%
590,0001.5%Canada
97%
1,350,0001.6%Germany
97%
195,0000.3%Italy
94%
470,0005.2%Austria
91%
142,0001.4%Sweden
91%
337,0000.5%France
89%
73,0000.1%Netherlands
89%
72,0000.3%Spain
89%
370,0004.3%Switzerland
89%
220,0000.8%Australia
86%
69,000<0.1%Russia
86%
85,000<0.1%Brazil
83%
45,0000.5%Hungary
80%
40,0000.2%Romania
80%
560,0001.3%Argentina
74%
110,0002.3%New Zealand
74%
32,0000.1%Ukraine
66%
390,0002.0%Chile
60%

Score Distribution

Percentile by Number Answered

Percent of People with Each Score

Your Score History

You have not taken this quiz